Statystyki dla Miasta na literę O w mazowszu

Kliknij tutaj aby rozwiązać quiz!

Ogólne statystyki

  • Ten quiz został rozwiązany 32 razy
  • Średni wynik to 3 z 6

Statystyki odpowiedzi

HintOdpowiedź% Poprawnych
48 725Ostrołęka
90%
44 096Otwock
83%
15 157Ożarów Mazowiecki
59%
21 067Ostrów Mazowiecka
52%
967Odrzywół
7%
1099Osieck
7%

Rozkład punktacji

Percentyl według liczby udzielonych odpowiedzi

Procent ludzi z każdym wynikiem

Twoja historia wyników

Nie rozwiązałeś tego quizu